| 000 | 01374nam a2200193 a 4500 | ||
|---|---|---|---|
| 001 | 000036197 | ||
| 005 | 20200930074939.0 | ||
| 008 | 120111s2011 dr 000 0 spa d | ||
| 020 | _a9789945164374 | ||
| 040 |
_aDO-SdBNP _bspa _cBNPHU |
||
| 082 |
_axxxx _bR426s |
||
| 110 | 1 |
_aRepública Dominicana. _bContraloria General de la República _921624 |
|
| 245 | 1 | 0 | _aSistema Nacional de Control interno. |
| 246 | 1 | 3 | _aGuía para el dignóstico del Sistema de Control Interno (SCI) |
| 250 | _a2a ed. | ||
| 260 |
_aSanto Domingo : _bContraloria General de la República, _c2011. |
||
| 300 |
_a5 v. ; _c26 cm. |
||
| 505 | 0 |
_gGuía 1 : ambiente de control _tPauta No 1-001 diagnóstico del componente ambiental de control -- _tPauta No 1-002 preparación o ajuste del código de ética pública a la medida de cada institución -- _gGuía 2 : valoración y administración de riesgos -- _tPauta No 2-001 diagnóstico del componente valoración y administración de riesgos -- _tPauta No 2-002 herramientas para la valoración y administración de riesgos -- _gGuía 3 : actividades de control -- _tPauta No 3-001 diagnóstico del componente actividades de control -- _gGuía 4 : información y comunicación -- _tPauta No 4-001 diagnósto del componente información y comunicación -- _gGuía 5 : monitoreo y evaluación -- _tpauta No 5-001 dianóstico del componente monitoreo y evaluación |
|
| 999 |
_c35688 _d35688 |
||